Otázky mladých Odpovedá pomocný biskup prešovskej diecézy Mons. Milan Chautur, CSsR

Bibliographic Details
Main Author: Chautur, Milan, 1957- (Author)
Format: Article
Language:Slovak
Subjects:

MARC

LEADER 00000nab a2200000 a 4500
001 vtls000602110
003 SK-MaSNL
005 20260304094632.0
008 250425c1996 xo 0 slo
015 |a SNBRB19rr/mm-uuuuu 
035 |a CL0602249 
035 |a urn:nbn:sk:snk-abd2uq 
035 |a (urnnbn)urn:nbn:sk:snk:ar-0027m4 
035 |a (uuid)6de508d2-0576-4a36-831a-5f99b06281d5 
040 |a SNKBUCL  |b slo  |c SNKBUCL  |e AACR2 
041 0 |a slo 
044 |a xo  |c SK 
080 |a 236.1:237.2  |2 1981 
080 |a 237.2  |2 1981 
080 |a 616-036.884  |2 1981 
100 1 |a Chautur, Milan,  |d 1957-  |4 aut  |9 106641 
245 1 0 |a Otázky mladých  |b Odpovedá pomocný biskup prešovskej diecézy Mons. Milan Chautur, CSsR  |c Milan Chautur 
650 0 7 |a klinická smrť  |2 snkbucl  |9 74350 
655 7 |a články z novín a časopisov  |2 snkbucl  |9 267496 
773 0 |t Slovo : časopis gréckokatolíckej cirkvi  |g Roč. 28, č. 22 (1996), s. 9 
850 |a Slovenská národná knižnica 
852 |a Slovenská národná knižnica 
954 |a odborná, vedecká literatúra pôvodná (slovenská)  |2 lita 
958 |a article17 
958 |a MI 
958 |a RK 
958 |a SK 
958 |a OND 
958 |a EUIPO 
992 |a RBX 
999 |c 2828107  |d 2830037